000 00276nam a2200133Ia 4500
100 _aWeiske/W
942 _cBK
654 _aelectricity
245 _aThree-phase electricity
260 _bWiley eastern
_aNew Delhi
_c1989
300 _a64
546 _aENGLISH
999 _c33304
_d33304